London Landmarks Picture Quiz - Statistics

General Stats
  • This quiz has been taken 1,125 times
  • The average score is 10 of 16
Answer Stats
Picture Answer % Correct
Elizabeth Tower
98%
Buckingham Palace
97%
London Eye
94%
Tower Bridge
90%
Trafalgar Square
82%
Westminster Abbey
80%
St. Paul's Cathedral
77%
Tower of London
76%
Piccadilly Circus
72%
Harrod's
61%
British Museum
56%
Shakespeare's Globe Theater
44%
Tate Modern
42%
Kensington Palace
38%
Waterloo Station
18%
Tate Britain
12%
No matching quizzes found
Score Distribution
Percent of People with Each Score
Percentile by Number Answered
Your Score History
You have not taken this quiz